000 00327nam a2200133 i 4500
001 bg
100 1 _aRÜSCH, H.
245 0 _aEinflußfelder der Momente Schiefwinkliger Platfeon /
_cH. Rüsch.
260 _aDüsseldorf,
_c1969.
040 _cBPK
041 _apol
942 _cKS
008 s pl f |000 0 pol
999 _c11719
_d11719
856 _uhttp://koha.tu.koszalin.pl/cgi-bin/koha/opac-detail.pl?biblionumber=11719
_yKatalog online BPK